000
00309nam a2200133Ia 4500
005
20260328104333.0
008
260328s9999||||xx |||||||||||||| ||und||
100
_a
Klanten, Robert
245
0
_a
Rock the Boat /
_c
Robert Klanten
260
_b
Gestalten
300
_a
272 p.
650
_a
HOTELES
942
_c
BK
999
_c
11786
_d
11786